LEADER 01461nam0 22003253i 450 001 SUN0088927 005 20150520120212.135 010 $a88-453-0506-6 100 $a20120514d1992 |0itac50 ba 101 $aita 102 $aIT 105 $a|||| ||||| 200 1 $aˆIl ‰merchandising$etecniche e metodi del commercio al dettaglio$fAndré Fady, Michel Seret 205 $aMilano : ETAS libri$b1992 210 $aX$d214 p. : ill. ; 24 cm 215 $aTrad. di Adriana Abbena. 410 1$1001SUN0036835$12001 $aGestione d'impresa. Marketing e vendite$1210 $aMilano$cEtas. 606 $aMarketing$2EC$3SUNC030819 620 $dMilano$3SUNL000284 700 1$aFady$b, André$3SUNV003588$0361363 701 1$aSeret$b, Michel$3SUNV072794$0115392 712 $aEtas$3SUNV000433$4650 801 $aIT$bSOL$c20181109$gRICA 912 $aSUN0088927 950 $aUFFICIO DI BIBLIOTECA DEL DIPARTIMENTO DI ECONOMIA$d03 PREST IIAg159 $e03 30112 950 $aUFFICIO DI BIBLIOTECA DEL DIPARTIMENTO DI ECONOMIA$d03 PREST IIAg159bis $e03 30111 995 $aUFFICIO DI BIBLIOTECA DEL DIPARTIMENTO DI ECONOMIA$bIT-CE0106$h30112$kPREST IIAg159$op$qa 995 $aUFFICIO DI BIBLIOTECA DEL DIPARTIMENTO DI ECONOMIA$bIT-CE0106$h30111$kPREST IIAg159bis$op$qa 996 $aMerchandising$913866 997 $aUNICAMPANIA LEADER 03181nam 2200589 450 001 9910788439603321 005 20230810000341.0 010 $a3-11-051742-6 024 7 $a10.1515/9783110519389 035 $a(CKB)3340000000003192 035 $a(MiAaPQ)EBC5049491 035 $a(DE-B1597)473202 035 $a(OCoLC)1004876105 035 $a(DE-B1597)9783110519389 035 $a(Au-PeEL)EBL5049491 035 $a(CaPaEBR)ebr11443139 035 $a(CaONFJC)MIL1036816 035 $a(OCoLC)1004618294 035 $a(EXLCZ)993340000000003192 100 $a20171017h20172017 uy 0 101 0 $aeng 135 $aurcnu|||||||| 181 $2rdacontent 182 $2rdamedia 183 $2rdacarrier 200 04$aThe grammaticalization of tense, aspect, modality and evidentiality $ea functional perspective /$fedited by Kees Hengeveld, Heiko Narrog, Hella Olbertz 210 1$aBerlin, [Germany] ;$aBoston, [Massachusetts] :$cDe Gruyter Mouton,$d2017. 210 4$d©2017 215 $a1 online resource (316 pages) 225 0 $aTrends in Linguistics. Studies and Monographs,$x1861-4302 ;$vVolume 311 311 $a3-11-051729-9 311 $a3-11-051938-0 320 $aIncludes bibliographical references and indexes. 327 $tFrontmatter -- $tContents -- $tA functional perspective on the grammaticalization of tense, aspect, modality, and evidentiality -- $tA hierarchical approach to grammaticalization -- $tThe interaction of components in a Functional Discourse Grammar account of grammaticalization -- $tRelationship of form and function in grammaticalization ? the case of modality -- $tModality and aspect marking in Surinamese Javanese: Grammaticalization and contact-induced change -- $tGrammaticalization of modality and evidentiality in Tundra Nenets -- $tThe grammaticalization of progressive aspect in Persian -- $tGrammaticalization as morphosyntax and representation: Mood from tense markers in the Old Irish and Romance conditional -- $tThe end of a cycle: Grammaticalization of the future tense in Mexican Spanish -- $tThe grammaticalization of tenses and lexical aspect ? the case of German and French perfects -- $tThe grammaticalization of Dutch moeten: modal and post-modal meanings -- $tName index -- $tLanguage index -- $tSubject index 330 $aThis book brings together a series of contributions to the study of grammaticalization of tense, aspect, and modality from a functional perspective. All contributions share the aim to uncover the functional motivations behind the processes of grammaticalization under discussion, but they do so from different points of view. 606 $aComparative linguistics 610 $aAspect. 610 $aGrammaticalization. 610 $aModality. 610 $aTense. 615 0$aComparative linguistics. 676 $a410 702 $aHengeveld$b Kees 702 $aNarrog$b Heiko 702 $aOlbertz$b Hella 801 0$bMiAaPQ 801 1$bMiAaPQ 801 2$bMiAaPQ 906 $aBOOK 912 $a9910788439603321 996 $aThe grammaticalization of tense, aspect, modality and evidentiality$93744946 997 $aUNINA LEADER 02163oam 2200541 c 450 001 9911000390203321 005 20260302090207.0 010 $a3-7815-6166-6 024 3 $a9783781561663 035 $a(CKB)38730539800041 035 $a(Verlag Julius Klinkhardt)9783781561663 035 $a(EXLCZ)9938730539800041 100 $a20260302d2025 uy 0 101 0 $ager 135 $aur||||||||||| 181 $ctxt$2rdacontent 182 $cc$2rdamedia 183 $acr$2rdacarrier 200 00$aDigitalisierung in der Hochschulbildung für Soziale Arbeit$fAnnett Giercke-Ungermann, Maik Wunder 205 $a1st ed. 210 $aBad Heilbrunn$cVerlag Julius Klinkhardt$d2025 215 $a1 online resource (274 p.) 311 08$a3-7815-2706-9 330 $aDie Digitalisierung verändert möglicherweise die Hochschulbildung für Soziale Arbeit in vielfältiger Weise. Dabei können neue oder veränderte Strukturen, Bildungsformate und Prüfungsmodalitäten in Erscheinung treten. Was potentiell neue Anforderungen und Erwartungen an Bildungsprozesse sowohl für Lehrende als auch Lernende und Dritte nach sich zieht. In diesem Sammelband befassen sich Autor:innen aus Wissenschaft und Forschung mit aktuellen und zukünftigen Entwicklungen, Konzepten und Perspektiven von digitaler Hochschulbildung. 606 $aHochschulbildung 606 $aDigitalisierung 606 $aE-Learning 606 $adigitale Lehre 606 $aHochschuldidaktik 606 $adigitale Kompetenz 606 $aVirtuelle Realität 606 $aKünstliche Intelligenz 615 4$aHochschulbildung 615 4$aDigitalisierung 615 4$aE-Learning 615 4$adigitale Lehre 615 4$aHochschuldidaktik 615 4$adigitale Kompetenz 615 4$aVirtuelle Realität 615 4$aKünstliche Intelligenz 702 $aGiercke-Ungermann$b Annett$4edt 702 $aWunder$b Maik$4edt 801 0$bVerlag Julius Klinkhardt 801 1$bVerlag Julius Klinkhardt 906 $aBOOK 912 $a9911000390203321 996 $aDigitalisierung in der Hochschulbildung für Soziale Arbeit$94376952 997 $aUNINA